Picture yourself learning Microsoft Office 2007 (Record no. 37683)
[ view plain ]
| 000 -LEADER | |
|---|---|
| fixed length control field | 01359nam a2200349Ia 4500 |
| 082 04 - DEWEY DECIMAL CLASSIFICATION NUMBER | |
| Classification number | 005.5 |
| 100 1# - MAIN ENTRY--AUTHOR NAME | |
| Personal name | Koers, Diane. |
| 245 10 - TITLE STATEMENT | |
| Title | Picture yourself learning Microsoft Office 2007 |
| 260 ## - PUBLICATION, DISTRIBUTION, ETC. (IMPRINT) | |
| Place of publication | Boston, MA : |
| Name of publisher | Thomson Course Technology PTR, |
| Year of publication | c2007. |
| 300 ## - PHYSICAL DESCRIPTION | |
| Number of Pages | xii, 452 p. : |
| Other physical details | ill. |
| 500 ## - GENERAL NOTE | |
| General note | "Step-by-step instruction for creating word documents, Excel spreadsheets, PowerPoint presentations, and more." |
| General note | Includes index. |
| 650 #0 - SUBJECT ADDED ENTRY--TOPICAL TERM | |
| Topical Term | Business |
| 856 40 - ELECTRONIC LOCATION AND ACCESS | |
| Uniform Resource Identifier | http://site.ebrary.com/lib/rucke/Doc?id=10236966 |
No items available.
